El otro lado azul: empresarios chinos en el Perú: 1890-1930
Guardat en:
| Autor principal: | |
|---|---|
| Format: | Llibre |
| Idioma: | espanyol |
| Publicat: |
Lima
Congreso del Perú
1999
|
| Matèries: | |
| Etiquetes: |
Afegir etiqueta
Sense etiquetes, Sigues el primer a etiquetar aquest registre!
|
MARC
| LEADER | 00000nam a2200000 a 4500 | ||
|---|---|---|---|
| 001 | UCL3562 | ||
| 003 | CL-VaPUC | ||
| 008 | 031128e19990000PE |||||||||||||||||spa|d | ||
| 020 | |a 9972755215 | ||
| 082 | 0 | 4 | |a 304.885051 |b DER |2 21 |
| 100 | 0 | |a Derpich Gallo, Wilma E |e author |9 480888 | |
| 245 | 1 | 3 | |a El otro lado azul: empresarios chinos en el Perú: 1890-1930 |
| 300 | |a 166 p | ||
| 942 | |c BK | ||
| 945 | |d 20031128 00:00:00 |a cmena | ||
| 260 | |a Lima |b Congreso del Perú |c 1999 | ||
| 650 | 0 | |a Inmigración |9 268290 | |
| 650 | 7 | |a CHINOS |2 CL-VaPUC |9 323565 | |
| 650 | 0 | |a Aspectos sociales |9 254894 | |
| 650 | 0 | |a Aspectos económicos |9 255165 | |
| 650 | 0 | |a Antropología cultural y social |9 265143 | |
| 650 | 0 | |a Comerciantes |9 267878 | |
| 651 | 0 | |a Perú |9 256567 | |
| 651 | 0 | |a China |9 257545 | |
| 583 | |a last modification |c 20031128 00:00:00 |k Rodrigo Vera | ||
| 999 | |c 306583 |d 306581 | ||
| 952 | |0 0 |1 0 |4 0 |6 304_885051000000000_DER_1999 |7 0 |8 A |9 371693 |a BIBHIS |b BIBHIS |d 2019-11-21 |i 396843K |o 304.885051 DER 1999 |p 396843K |r 2025-01-20 |w 2019-11-21 |y BK |k HIS | ||